مبادئ الاقتصاد الجزئي / (رقم التسجيلة. 27153)
[ عرض عادي ]
| 000 -الفاتح | |
|---|---|
| حقل البيانات ثابتة الطول | 00682nam a22001817a 4500 |
| 003 - محدد رقم الضبط | |
| رقم الضبط | OSt |
| 005 - وقت وتاريخ اخر تعامل مع التسجيلة | |
| رقم الضبط | 20150408114112.0 |
| 008 - عناصر البيانات ثابتة الطول - معلومات عامة | |
| حقل البيانات ثابتة الطول | 130128s jo ||||f |||| 00| 0 ara d |
| 040 ## - مصدر الفهرسة | |
| وكالة الفهرسة الأصلية | Ma-un |
| 082 ## - رقم تصنيف ديوى العشرى | |
| رقم الطبعة | 21 |
| رقم التصنيف | 338.5 |
| رقم المادة | ق ا م |
| 100 ## - المدخل الرئيسى - إسم شخصى | |
| الإسم الشخصى | قطف، إبراهيم سليمان |
| 9 (RLIN) | 20004 |
| 245 ## - بيان العنوان | |
| العنوان | مبادئ الاقتصاد الجزئي / |
| بيان المسئوليه,etc | إبراهيم سليمان قطف، |
| الوسيط | علي محمد خليل. |
| 260 ## - PUBLICATION, DISTRIBUTION, ETC. (IMPRINT) | |
| مكان الناشر او الموزع | عمان، الاردن : |
| اسم الناشر او الموزع | دار الحامد للنشر و التوزيع ، |
| تاريخ النشر أو التوزيع | 2003 |
| 300 ## - الوصف المادى | |
| التعداد | 286 ص. : |
| تفاصيل ماديه اخرى للوعاء | إيض. ؛ |
| أبعاد الوعاء | 24 سم. |
| 650 ## - المدخل الاضافى بالموضوع-مصطلح موضوعى | |
| مصطلح موضوعي أو اسم جغرافي كعنصر مدخل | الاقتصاد الجزئي |
| 9 (RLIN) | 19812 |
| 700 ## - المدخل الاضافى - اسم شخصى | |
| الإسم الشخصى | خليل، علي محمد |
| 9 (RLIN) | 20005 |
| 942 ## - عناصر المدخل الإضافي( كوها) | |
| مصدر التصنيف او مخطط الترفيف | Dewey Decimal Classification |
| Koha [default] item type | كتاب |
| حالة الفقد | نموذج السعر الفعال | حالة تلف | ليس للاعارة | رقم الطلب | رقم النسخة | تاريخ الاكتساب | الموقع الحالي | الباركود | الفرع الرئيسي | Total Renewals | Date last checked out | Date last seen | نوع المادة فى نظام كوها | مصدر التصنيف او خطة الترفيف | Total Checkouts |
|---|---|---|---|---|---|---|---|---|---|---|---|---|---|---|---|
| 2013-03-10 | Not For Loan | 338.5 ق ا م | 1 | 2013-01-28 | المكتبة المركزية بالمجمعة (CL) | 00302130 | المكتبة المركزية بالمجمعة (CL) | 1 | 2019-11-18 | 2022-12-25 | كتاب | Dewey Decimal Classification | 3 | ||
| 2013-03-10 | 338.5 ق ا م | 2 | 2013-01-28 | المكتبة المركزية بالمجمعة (CL) | 00302131 | المكتبة المركزية بالمجمعة (CL) | 1 | 2014-08-31 | 2015-06-03 | كتاب | Dewey Decimal Classification | 1 | |||
| 2013-03-10 | 338.5 ق ا م | 3 | 2013-01-28 | المكتبة المركزية بالمجمعة (CL) | 00302132 | المكتبة المركزية بالمجمعة (CL) | 1 | 2015-02-11 | 2015-04-14 | كتاب | Dewey Decimal Classification | 1 | |||
| 2013-03-15 | Not For Loan | 338.5 ق ا م | 1 | 2013-03-15 | المكتبة المركزية بالمجمعة (CL) | 00305135 | مكتبة مجمع الطالبات بالمجمعة (EMF) | 2025-02-10 | 2026-04-09 | كتاب | Dewey Decimal Classification | 3 | |||
| 2013-03-10 | Not For Loan | 338.5 ق ا م | 1 | 2013-01-28 | مكتبة كلية التمريض - طالبات (CNF) | 00302133 | مكتبة كلية التمريض - طالبات (CNF) | 2013-03-10 | كتاب | Dewey Decimal Classification | |||||
| 2013-03-10 | 338.5 ق ا م | 2 | 2013-01-28 | مكتبة كلية التمريض - طالبات (CNF) | 00302134 | مكتبة كلية التمريض - طالبات (CNF) | 2013-03-10 | كتاب | Dewey Decimal Classification | ||||||
| 2013-03-10 | Not For Loan | 338.5 ق ا م | 1 | 2013-01-28 | مكتبة كلية العلوم و الدراسات الإنسانية برماح - طالبات (SRF) | 00302135 | مكتبة كلية العلوم و الدراسات الإنسانية برماح - طالبات (SRF) | 2020-10-20 | 2021-09-12 | كتاب | Dewey Decimal Classification | 3 | |||
| 2013-03-10 | 338.5 ق ا م | 2 | 2013-01-28 | مكتبة كلية العلوم و الدراسات الإنسانية برماح - طالبات (SRF) | 00302136 | مكتبة كلية العلوم و الدراسات الإنسانية برماح - طالبات (SRF) | 2014-09-02 | 2015-01-12 | كتاب | Dewey Decimal Classification | 1 | ||||
| 2013-03-10 | Not For Loan | 338.5 ق ا م | 1 | 2013-01-28 | مكتبة كلية العلوم و الدراسات الإنسانية برماح - طلاب (SRM) | 00302137 | مكتبة كلية العلوم و الدراسات الإنسانية برماح - طلاب (SRM) | 2013-03-10 | كتاب | Dewey Decimal Classification | |||||
| 2013-03-10 | 338.5 ق ا م | 2 | 2013-01-29 | مكتبة كلية العلوم و الدراسات الإنسانية برماح - طلاب (SRM) | 00302209 | مكتبة كلية العلوم و الدراسات الإنسانية برماح - طلاب (SRM) | 2013-03-10 | كتاب | Dewey Decimal Classification | ||||||
| 2013-03-15 | 338.5 ق ا م | 2 | 2013-03-15 | مكتبة مجمع الطالبات بالمجمعة (EMF) | 00305134 | مكتبة مجمع الطالبات بالمجمعة (EMF) | 2024-01-23 | 2024-02-06 | كتاب | Dewey Decimal Classification | 1 |
